| 000 | 00405 a2200109 4500 | ||
|---|---|---|---|
| 001 | ART_47313 | ||
| 005 | 20260410161954.0 | ||
| 008 | 260409a | ||
| 245 | 1 | 0 | _aProhibición de testaferros: ley 27444 y la reforma de los artículos 34 y 35 de la ley general de sociedades |
| 100 | 1 | _aArduino, Augusto H.L. | |
| 773 | 0 |
_tTemas de derecho comercial _g- Año 4, N° 8 (ago. 2018) _wREV28151 |
|
| 999 |
_c30624 _d30624 |
||